000 00663nam a2200217Ia 4500
003 GCL
005 20240530102920.0
008 140319s9999 xx 000 0 ara d
040 _aGCL /
_cGCL
082 0 4 _a956.87
_bم ن
100 1 _aمسلم الحلو
245 1 0 _aنابلس : قصة مدينة /
_cمسلم الحلو
260 _a[S.N] :
_bالمنظمة الاسلامية للتربية والعلوم والثقافة
300 _a120 ص
490 _aسلسلة المدن الفلسطينية
_v3
650 0 4 _aفلسطين
650 0 4 _aالاردن
650 0 4 _aالتاريخ العربى
650 0 4 _aنابلس
942 _2ddc
_cBK
999 _c35321
_d35321